[Event "FICGS rapid B 000008 email"]
[Site "FICGS email"]
[Date "2006.06.24"]
[Round "1"]
[White "Bignon, Yann"]
[Black "Madsen, John"]
[Result "0-1"]
[WhiteElo "1550"]
[BlackElo "1700"]
[PlyCount "28"]
[EventDate "2006.??.??"]
[EventType "tourn (rapid)"]
[EventRounds "6"]
[SourceTitle "Corr 2022"]
[Source "ChessBase"]
[SourceDate "2021.10.24"]
[SourceVersion "1"]
[SourceVersionDate "2021.10.24"]
[SourceQuality "1"]

1. d4 Nf6 2. c4 e6 3. g3 c5 4. d5 exd5 5. cxd5 d6 6. Bg2 g6 7. Nf3 Bg7 8. Nc3 0-0 9. Be3 Re8 10. 0-0 Bf5 11. Nh4 Bg4 12. h3 Bd7 13. Rc1 b5 14. a3 Nh5 0-1

[Event "FICGS rapid B 000008 email"]
[Site "FICGS email"]
[Date "2006.06.24"]
[Round "1"]
[White "Bignon, Yann"]
[Black "Vasquez, Fernando Jose Pinto"]
[Result "0-1"]
[WhiteElo "1550"]
[BlackElo "1400"]
[PlyCount "22"]
[EventDate "2006.??.??"]
[EventType "tourn (rapid)"]
[EventRounds "6"]
[SourceTitle "Corr 2022"]
[Source "ChessBase"]
[SourceDate "2021.10.24"]
[SourceVersion "1"]
[SourceVersionDate "2021.10.24"]
[SourceQuality "1"]

1. d4 d5 2. c4 dxc4 3. Qa4+ c6 4. Qxc4 Nf6 5. Nf3 Bf5 6. g3 e6 7. Bg2 Nbd7 8. Nc3 Be7 9. 0-0 0-0 10. Nh4 Nb6 11. Qb3 Qxd4 0-1